000 00668 a2200205 4500
010 _aENG-88981
020 _c200.00
_a8181573943
035 _aEN-72514
037 _bDBAD / PUB
082 1 4 _a808.883
090 _c9801
_d9801
245 1 0 _aLessons on lessons :
_ccompiled by P. Lal
_bviews & reviews /
260 _aCalcutta
_bWriters Workshop
_c2004
270 _a162/92, Lake Gardens,
_bCalcutta
_e700 045
300 _a204p.
_c22 cm ( Hb)
_bb&w photos
490 _aWriters workshop greybird book
700 _aLal, P
942 _adpl
_cEN
_k808.883 / LES
999 _c9622
_d9622